000
00208nam a22000857a 4500
008
161210b xxu||||| |||| 00| 0 eng d
100
_9
1987
_a
Rostogi.V.B.
245
_a
Biology-XI
260
_a
New Delhi
_b
P.P.C.
_c
2010
999
_c
4799
_d
4799